Dimasha bhashar bharal (Record no. 3444)

MARC details
000 -LEADER
fixed length control field 00492cam a2200181ua 4500
008 - FIXED-LENGTH DATA ELEMENTS--GENERAL INFORMATION
fixed length control field 111128n ii |||gr||||Z||||||asm
040 ## - CATALOGING SOURCE
Transcribing agency MAIN
082 ## - DEWEY DECIMAL CLASSIFICATION NUMBER
Classification number 413
100 ## - MAIN ENTRY--PERSONAL NAME
Personal name Baruah, Nagendra Nath,
Relator term
245 11 - TITLE STATEMENT
Title Dimasha bhashar bharal
Statement of responsibility, etc. compiled by Nagendra Nath Baruah
250 ## - EDITION STATEMENT
Edition statement 1st.
260 ## - PUBLICATION, DISTRIBUTION, ETC.
Place of publication, distribution, etc. Guwahati:
Name of publisher, distributor, etc. Publication Board Assam,992.
300 ## - PHYSICAL DESCRIPTION
Extent xviii; 656p:
Dimensions 23cm.
942 ## - ADDED ENTRY ELEMENTS (KOHA)
Koha item type Books
653 ## - INDEX TERM--UNCONTROLLED
Uncontrolled term Dimasha Dictionary
653 ## - INDEX TERM--UNCONTROLLED
Uncontrolled term Dimasha bhashar bharal
Holdings
Withdrawn status Lost status Damaged status Not for loan Home library Current library Shelving location Date acquired Total Checkouts Full call number Barcode Date last seen Copy number Price effective from Koha item type
        Central Library, Naharkatiya College Central Library, Naharkatiya College General Stacks 19/09/2020   413 | BAR 9698 19/09/2020 1 19/09/2020 Books

Naharkatiya College © 2020. All rights reserved.

Powered By